000 00460cam a2200181ua 4500
020 _c92.00
041 _aeng
_h
082 _a547.72
_bHAM/TE
100 _aHamerslag, Frank E .
245 _aTechnology and chemistry of alkaloids /
_cFrank E Hamerslag.
_hTextual Documents
250 _a1 /
_b.
260 _aNew Jersy :
_bD.Van Nostrand Co. ,
_c1950.
300 _a319 ; .
365 _a92.00
504 _a
942 _cBK
999 _c9547
_d9547